000 00946nam a2200289 i 4500
003 EG-GICUC
005 20260409173158.0
008 260409s1875 fr |||fr|||| 00| 0 fre d
040 _aEG-GiCUC
_bfre
_cEG-GiCUC
_dEG-GiCUC
_eRda
082 0 4 _221
_a343.384
_bGU . C
092 0 4 _221
099 _aLaw1 10 343.384 GU . C 1875
100 1 _aGuilhermet, G
_eAuteur
245 1 0 _aComment Se Font Les Erreurs Judiciaires /
_cG. Guilhermet.
264 1 _aParis :
_bLibrairie Schleicher Frères,
_c1875.
300 _a238 page ;
_c 24 cm.
336 _2rda contenu
_a texte
337 _2rda medias
_aOrdinateur
338 _2 transporteur rda
_a Ressource en ligne
504 _aBibliography: pages 224 - 227
650 1 _aProcédures D'appel Des Jugements Pénaux
_2qrmak
650 1 _aDroit De Panél
_2qrmak
651 1 _2qrmak
856 4 0 _uhttps://fll.law.cu.edu.eg/fulltext/bks/B10-08617.pdf
905 _a54
942 _2ddc
_cBK
_e21
_n0
999 _c69902
_d69902